[Event "World Youth Boys U18 2014"]
[Site "Durban RSA"]
[Date "2014.09.26"]
[Round "8.26"]
[White "De Abreu, Roberto N"]
[Black "Nyamdorj, Davaaochir"]
[Result "1-0"]
[WhiteTitle "FM"]
[WhiteElo "2009"]
[BlackElo "1804"]
[WhiteFideId "14307472"]
[BlackFideId "2621843"]
[EventDate "2014.09.20"]

1. d4 Nf6 2. c4 e6 3. g3 Bb4+ 4. Bd2 Bxd2+ 5. Qxd2 d5 6. Nf3 c6 7. Bg2 Nbd7 8.
O-O O-O 9. Rc1 b6 10. Ne5 Bb7 11. cxd5 cxd5 12. Nc3 a6 13. Qg5 Qe7 14. Na4 Qd6
15. Rc3 Rac8 16. Rac1 Rxc3 17. Rxc3 Qb4 18. b3 Nxe5 19. dxe5 Ne4 20. Bxe4 dxe4
21. Qe3 b5 1-0

[Event "World Youth Boys U18 2014"]
[Site "Durban RSA"]
[Date "2014.09.26"]
[Round "8.28"]
[White "Kenenbaev, Aidar"]
[Black "Padayachee, Kenyon"]
[Result "1/2-1/2"]
[BlackTitle "CM"]
[WhiteElo "1739"]
[BlackElo "1748"]
[WhiteFideId "13801180"]
[BlackFideId "14306654"]
[EventDate "2014.09.20"]

1. d4 d5 2. c4 e6 3. Nc3 Be7 4. Nf3 Nf6 5. cxd5 exd5 6. Bg5 Nbd7 7. Qc2 c6 8. e3
O-O 9. Bd3 h6 10. Bh4 Kh8 11. O-O Re8 12. Rab1 b6 13. b4 Bb7 14. Rfc1 Ne4 15.
Bxe7 Qxe7 16. Bxe4 dxe4 17. Nd2 f5 18. Ne2 Rac8 19. a4 Qf6 20. Qb2 Kh7 1/2-1/2

[Event "World Youth Boys U18 2014"]
[Site "Durban RSA"]
[Date "2014.09.27"]
[Round "9.1"]
[White "Vignesh, NR"]
[Black "Bortnyk, Olexandr"]
[Result "1/2-1/2"]
[BlackTitle "IM"]
[WhiteElo "2360"]
[BlackElo "2505"]
[WhiteFideId "25012215"]
[BlackFideId "14120828"]
[EventDate "2014.09.20"]

1. e4 Nf6 2. e5 Nd5 3. d4 d6 4. c4 Nb6 5. exd6 exd6 6. Nc3 Be7 7. h3 Nc6 8. Nf3
O-O 9. Be2 Bf5 10. O-O Bf6 11. b3 Re8 12. Bf4 a5 13. Re1 a4 14. Qd2 Nb4 15. Bf1
axb3 16. axb3 Rxa1 17. Rxa1 h6 18. Nb5 Na6 19. Re1 Nc8 20. Rxe8+ 1/2-1/2

[Event "World Youth Boys U18 2014"]
[Site "Durban RSA"]
[Date "2014.09.27"]
[Round "9.2"]
[White "Vaibhav, Suri"]
[Black "Akhmetov, Ayan"]
[Result "1-0"]
[WhiteTitle "GM"]
[BlackTitle "IM"]
[WhiteElo "2521"]
[BlackElo "2350"]
[WhiteFideId "5045185"]
[BlackFideId "13703706"]
[EventDate "2014.09.20"]

1. e4 d6 2. d4 Nf6 3. Nc3 e5 4. Nf3 Nbd7 5. Bc4 Be7 6. O-O O-O 7. Re1 a6 8. a4
b6 9. Nd5 Bb7 10. c3 c6 11. Nxe7+ Qxe7 12. Nh4 g6 13. Bg5 Rfe8 14. Ba2 Kg7 15.
Qd2 exd4 16. cxd4 Nxe4 17. Bxe7 Nxd2 18. Rad1 Ne5 19. dxe5 Rxe7 20. Rxd2 dxe5
21. f4 e4 22. Nf3 Rae8 23. Ne5 f6 24. Nc4 1-0

[Event "World Youth Boys U18 2014"]
[Site "Durban RSA"]
[Date "2014.09.27"]
[Round "9.3"]
[White "Alekseenko, Kirill"]
[Black "Studer, Noel"]
[Result "1/2-1/2"]
[WhiteTitle "FM"]
[BlackTitle "FM"]
[WhiteElo "2483"]
[BlackElo "2404"]
[WhiteFideId "4135539"]
[BlackFideId "1319620"]
[EventDate "2014.09.20"]

1. c4 Nf6 2. Nc3 e6 3. e4 d5 4. e5 d4 5. exf6 dxc3 6. bxc3 Qxf6 7. Nf3 e5 8. Bd3
Bg4 9. Be4 Nc6 10. Rb1 Rb8 11. O-O Bxf3 12. Qxf3 Qxf3 13. Bxf3 Kd7 14. Bg4+ Kd8
15. d4 exd4 16. cxd4 Be7 17. Rb5 Ke8 18. Re1 Kf8 19. Be3 b6 20. Bf3 Na5 21. c5
h5 22. Bf4 Rc8 23. Rc1 a6 24. Rxa5 bxa5 25. Bb7 Rb8 26. c6 Bd8 27. h4 Rh6 28.
Bxh6 gxh6 29. g3 Be7 30. d5 a4 31. Kf1 a5 32. Rc4 Rd8 33. Rd4 Bc5 34. Rd3 Ke7
35. Ke2 Re8 36. Ba6 Kd6+ 37. Kf1 Re5 38. Rf3 f5 39. Bc4 a3 40. Rb3 Re4 41. Be2
Rd4 42. Rd3 Rc4 43. Bd1 Rc1 44. Ke2 Ra1 45. Bb3 a4 46. Bc4 Rc1 47. Bb5 Rc2+ 48.
Rd2 Rxd2+ 49. Kxd2 Bxf2 50. Be2 Kxd5 51. Bf3+ Kd6 52. Bxh5 Kxc6 53. Bg6 Bxg3 54.
h5 f4 55. Ke2 Kc5 56. Be8 Kb4 57. Bc6 Kc3 58. Kf3 Kb2 59. Bd5 c5 60. Bc4 Kc3 61.
Bb5 c4 62. Ke4 Bh2 63. Kf3 Kb4 64. Ba6 Kc5 65. Ke4 Bg3 66. Kf3 Kd4 67. Bc8 Kd5
68. Bb7+ Ke5 69. Ba6 c3 70. Bd3 Kf6 71. Kg4 Bh2 72. Bc2 Ke6 73. Kf3 1/2-1/2

[Event "World Youth Boys U18 2014"]
[Site "Durban RSA"]
[Date "2014.09.27"]
[Round "9.4"]
[White "Wagner, Dennis"]
[Black "Zenzera, Alexey"]
[Result "1-0"]
[WhiteTitle "IM"]
[BlackTitle "IM"]
[WhiteElo "2499"]
[BlackElo "2439"]
[WhiteFideId "24650684"]
[BlackFideId "4102665"]
[EventDate "2014.09.20"]

1. d4 Nf6 2. c4 e6 3. Nc3 Bb4 4. Nf3 O-O 5. Bg5 d5 6. e3 c5 7. cxd5 exd5 8. Bd3
c4 9. Bc2 Bg4 10. O-O Bxc3 11. bxc3 h6 12. Bh4 g5 13. Bg3 Ne4 14. Qb1 Nxc3 15.
Qxb7 Nd7 16. Bd6 Re8 17. Ne5 Nxe5 18. dxe5 Qb6 19. Qxb6 axb6 20. a3 Bd7 21. h4
Nb5 22. Bb4 d4 23. Be4 Ra7 24. exd4 Nxd4 25. Rfe1 Ba4 26. hxg5 hxg5 27. Rac1 Bb3
28. Rc3 Kg7 29. Rg3 Rxe5 30. f4 Re6 31. Rxg5+ Kf6 32. Bc3 Rd7 33. Kf2 Ke7 34. f5
Red6 35. Rg8 Rd8 36. Bc6+ Kf6 37. Rxd8 Rxd8 38. Re4 Kxf5 39. Rxd4 Rg8 40. Bd7+ 1-0

[Event "World Youth Boys U18 2014"]
[Site "Durban RSA"]
[Date "2014.09.27"]
[Round "9.5"]
[White "Ruiz C, Joshua D"]
[Black "Bluebaum, Matthias"]
[Result "1/2-1/2"]
[WhiteTitle "IM"]
[BlackTitle "IM"]
[WhiteElo "2395"]
[BlackElo "2521"]
[WhiteFideId "4400704"]
[BlackFideId "24651516"]
[EventDate "2014.09.20"]

1. e4 e6 2. d4 d5 3. Nc3 Nf6 4. Bg5 dxe4 5. Nxe4 Be7 6. Bxf6 Bxf6 7. Nf3 Nd7 8.
Qd3 Be7 9. O-O-O O-O 10. Kb1 c5 11. dxc5 Qc7 12. Nfg5 Rd8 13. Be2 h6 14. Nf3
Nxc5 15. Qc3 Bd7 16. Nxc5 Qxc5 17. Qxc5 Bxc5 18. Ne5 Be8 19. Bf3 Bd4 20. Nd3
Rab8 21. g3 Bb5 22. Rd2 Bf6 23. Rhd1 Bg5 24. Re2 Rd7 25. Re5 a6 26. Bg2 Rbd8 27.
f4 Bf6 28. Re2 b6 29. Red2 g5 30. Be4 Rd4 31. Re2 Rb4 32. b3 Bc3 33. Kc1 Rbd4
34. f5 exf5 35. Bxf5 a5 36. Re7 a4 37. Rc7 Bb4 38. c4 Be8 39. Kc2 axb3+ 40. axb3
h5 41. Rc8 Rxc8 42. Bxc8 Bf8 43. Ne5 Bc5 44. Nd7 Rxd1 45. Nf6+ Kf8 46. Kxd1 Bc6
47. Nd5 b5 48. Ke2 bxc4 49. bxc4 g4 50. h3 gxh3 51. Bxh3 Kg7 52. Bg2 Bd6 53. Bf3
Bxg3 54. Bxh5 Bxd5 1/2-1/2

[Event "World Youth Boys U18 2014"]
[Site "Durban RSA"]
[Date "2014.09.27"]
[Round "9.6"]
[White "Flermoen, Peter"]
[Black "Henriquez Villagra, Cristobal"]
[Result "0-1"]
[WhiteTitle "CM"]
[BlackTitle "IM"]
[WhiteElo "2226"]
[BlackElo "2466"]
[WhiteFideId "1507303"]
[BlackFideId "3409350"]
[EventDate "2014.09.20"]

1. e4 c5 2. Nf3 d6 3. d4 cxd4 4. Nxd4 Nf6 5. Nc3 Nc6 6. h3 g6 7. Be3 Bg7 8. g4
O-O 9. Qd2 d5 10. Nxc6 bxc6 11. exd5 Nxd5 12. Nxd5 cxd5 13. c3 Qc7 14. Bg2 Ba6
15. O-O-O Rfd8 16. Qc2 Qa5 17. f4 Qxa2 18. Bd4 Bc4 19. b4 Qa3+ 20. Qb2 Qxb2+ 21.
Kxb2 a5 22. Bf1 axb4 23. Bxc4 bxc3+ 24. Kxc3 Rac8 25. Bxg7 Rxc4+ 26. Kb3 Rb8+
27. Ka3 Rc6 0-1

[Event "World Youth Boys U18 2014"]
[Site "Durban RSA"]
[Date "2014.09.27"]
[Round "9.8"]
[White "Csonka, Balazs"]
[Black "Ivekovic, Bozidar2"]
[Result "1/2-1/2"]
[WhiteTitle "FM"]
[WhiteElo "2412"]
[BlackElo "2299"]
[WhiteFideId "742910"]
[BlackFideId "14518848"]
[EventDate "2014.09.20"]

1. d4 Nf6 2. Bg5 c5 3. d5 d6 4. Nc3 g6 5. e4 Bg7 6. Qd2 Qb6 7. Bb5+ Bd7 8. a4
Bxb5 9. axb5 Nbd7 10. Nf3 O-O 11. O-O a6 12. bxa6 Rxa6 13. Rxa6 Qxa6 14. Re1 Qb6
15. b3 Qb4 16. Na4 Qxd2 1/2-1/2

[Event "World Youth Boys U18 2014"]
[Site "Durban RSA"]
[Date "2014.09.27"]
[Round "9.9"]
[White "Shetty, Atulya"]
[Black "Machan, Jan"]
[Result "1-0"]
[WhiteTitle "FM"]
[WhiteElo "2328"]
[BlackElo "2248"]
[WhiteFideId "2031213"]
[BlackFideId "334774"]
[EventDate "2014.09.20"]

1. b3 d5 2. e3 Bf5 3. Bb2 e6 4. d3 Nf6 5. g3 Be7 6. Bg2 O-O 7. Nd2 c6 8. Ne2 h6
9. O-O Bh7 10. h3 a5 11. a4 Na6 12. Nf3 Nc5 13. Ne5 Nfd7 14. Nxd7 Qxd7 15. Kh2
b5 16. axb5 cxb5 17. Nf4 Bd6 18. Qg4 f6 19. Bd4 Bf5 20. Qh5 g5 21. Ne2 Kh7 22.
Nc3 Nb7 23. Nb1 Bg6 24. Qe2 e5 25. Bb2 Bf7 26. Nc3 Bb4 27. Na2 Be7 28. c4 Nc5
29. d4 exd4 30. exd4 Ne4 31. cxd5 Nd6 32. Nc3 f5 33. Rfe1 Bf6 34. Qd2 Ra6 35.
Qd3 Rb8 36. Na4 bxa4 37. Qxa6 Rxb3 38. Ba3 Be7 39. Rxe7 Qxe7 40. Qxd6 1-0

[Event "World Youth Boys U18 2014"]
[Site "Durban RSA"]
[Date "2014.09.27"]
[Round "9.10"]
[White "Torosyan, Norayr"]
[Black "Serikbay, Chingiz"]
[Result "1/2-1/2"]
[WhiteElo "2321"]
[BlackElo "2173"]
[WhiteFideId "13300431"]
[BlackFideId "13707604"]
[EventDate "2014.09.20"]

1. e4 e6 2. d4 d5 3. Nd2 Nc6 4. Ngf3 Nf6 5. e5 Nd7 6. Be2 Be7 7. O-O f6 8. exf6
Bxf6 9. c3 O-O 10. Re1 e5 11. Qb3 Nb6 12. a4 a5 13. dxe5 Nxe5 14. Nxe5 Bxe5 15.
Nf3 Bd6 16. Be3 Kh8 17. Rad1 Be6 18. Qc2 Bg8 19. h3 Qf6 20. Bd3 Rae8 21. Bd4 Qf4
22. Bb5 Re4 23. Be3 Qf6 24. Bd3 Ree8 25. Bd4 Qh6 26. Be3 1/2-1/2

[Event "World Youth Boys U18 2014"]
[Site "Durban RSA"]
[Date "2014.09.27"]
[Round "9.11"]
[White "Yurtseven, Melih"]
[Black "Das, Sayantan"]
[Result "0-1"]
[BlackTitle "IM"]
[WhiteElo "2208"]
[BlackElo "2456"]
[WhiteFideId "6312160"]
[BlackFideId "5034426"]
[EventDate "2014.09.20"]

1. e4 e6 2. d4 d5 3. e5 c5 4. c3 Qb6 5. Nf3 Nc6 6. Na3 cxd4 7. cxd4 Bb4+ 8. Bd2
a6 9. Nc2 Bxd2+ 10. Qxd2 Qxb2 11. Bd3 h6 12. O-O Qb6 13. Qf4 Nge7 14. Ne3 Bd7
15. Rab1 Qc7 16. Qg3 Kf8 17. Rfc1 b5 18. Qh4 Qb6 19. Rc5 Rc8 20. Rbc1 Nb4 21.
Bb1 Rxc5 22. Rxc5 a5 23. Ng5 Na6 24. Rc1 Nc6 25. Rd1 Qd8 26. f4 Kg8 27. Nf3 Qxh4
28. Nxh4 Kf8 29. f5 Ke8 30. f6 gxf6 31. exf6 Nc7 32. Nf3 h5 33. Ne5 Nxe5 34.
dxe5 Na6 35. Kf2 Kd8 36. g3 Nb4 37. Kf3 Nc6 38. Kf4 Kc7 39. Nc2 b4 40. Nd4 Nxd4
41. Rxd4 Bb5 42. Kg5 Kd7 43. Rh4 Bc4 44. Rf4 Kc6 45. Rh4 Be2 46. h3 Rg8+ 47. Kf4
d4 48. g4 d3 49. Ke3 hxg4 50. hxg4 Rd8 51. Kd2 Kd5 52. Rh7 Rf8 53. g5 Kxe5 54.
Bxd3 Bxd3 55. Kxd3 Kf5 56. Rg7 e5 57. Kc4 e4 58. Kb5 e3 59. Rh7 Re8 60. Rh1 Re5+ 0-1

[Event "World Youth Boys U18 2014"]
[Site "Durban RSA"]
[Date "2014.09.27"]
[Round "9.12"]
[White "Di Giannantonio, Nino"]
[Black "Javanbakht, Nima"]
[Result "0-1"]
[WhiteTitle "FM"]
[BlackTitle "FM"]
[WhiteElo "2128"]
[BlackElo "2364"]
[WhiteFideId "119261"]
[BlackFideId "12510670"]
[EventDate "2014.09.20"]

1. e4 c5 2. Nf3 Nc6 3. Bb5 g6 4. Bxc6 dxc6 5. h3 Bg7 6. d3 Nf6 7. Be3 Nxe4 8.
dxe4 Qxd1+ 9. Kxd1 Bxb2 10. c3 b6 11. Kc2 Bxa1 12. Nbd2 Bxc3 13. Kxc3 Ba6 14.
Nc4 f6 15. g4 O-O-O 16. g5 Rd7 17. Nb2 Rhd8 18. Re1 Kb7 19. h4 Bd3 20. Nd2 f5
21. f3 e5 22. f4 exf4 23. Bxf4 fxe4 24. Nxe4 Bxe4 25. Rxe4 b5 26. Re2 c4 27. Kc2
a5 28. Re6 Rd4 29. Be3 Rxh4 30. Re7+ Ka8 31. Re6 Rh2+ 32. Kc1 c3 33. Nd1 Rh1 0-1

[Event "World Youth Boys U18 2014"]
[Site "Durban RSA"]
[Date "2014.09.27"]
[Round "9.13"]
[White "Nasuta, Grzegorz"]
[Black "Hackner, Oskar A"]
[Result "1-0"]
[WhiteTitle "FM"]
[WhiteElo "2361"]
[BlackElo "2102"]
[WhiteFideId "1141686"]
[BlackFideId "424188"]
[EventDate "2014.09.20"]

1. e4 e6 2. d4 d5 3. Nc3 Nf6 4. e5 Nfd7 5. f4 c5 6. Nf3 Nc6 7. Be3 Be7 8. Qd2
O-O 9. dxc5 Nxc5 10. O-O-O a6 11. Kb1 b5 12. Qf2 Na4 13. Nxa4 bxa4 14. Nd4 Qc7
15. Nxc6 Qxc6 16. Bd4 a5 17. g4 f6 18. Bd3 Ba6 19. Rhe1 Rab8 20. Bxa6 Qxa6 21.
exf6 Bxf6 22. Qe3 Bxd4 23. Rxd4 Rb4 24. a3 Rxd4 25. Qxd4 Qd6 26. Re5 Qc6 27. f5
Rf6 28. Rxe6 Rxe6 29. fxe6 Qxe6 30. Qxa4 Qe1+ 31. Ka2 h6 32. Qb3 Qe4 33. h3 a4
34. Qd3 Qe6 35. Qd4 Qc6 36. Kb1 Qb5 37. Qc3 Kh8 38. Ka2 Kg8 39. Qd4 Qc6 40. Kb1
Qb5 41. h4 Kh8 42. g5 hxg5 43. hxg5 Qf1+ 44. Ka2 Qf5 45. Qxa4 Qxg5 46. Qd4 Qf5
47. c3 Kh7 48. a4 g5 49. a5 g4 50. a6 Qc8 51. a7 Qa6+ 52. Kb1 Kh6 53. Qh8+ 1-0

[Event "World Youth Boys U18 2014"]
[Site "Durban RSA"]
[Date "2014.09.27"]
[Round "9.14"]
[White "Poleg, Matan"]
[Black "Rindlisbacher, Lars"]
[Result "1-0"]
[BlackTitle "FM"]
[WhiteElo "2039"]
[BlackElo "2336"]
[WhiteFideId "2811472"]
[BlackFideId "1304178"]
[EventDate "2014.09.20"]

1. d4 Nf6 2. c4 e6 3. Nf3 d5 4. Nc3 Bb4 5. Qa4+ Nc6 6. e3 dxc4 7. Bxc4 O-O 8.
O-O a6 9. Qc2 Qe7 10. a3 Bd6 11. h3 e5 12. d5 Nb8 13. e4 b5 14. Bd3 Bb7 15. Bg5
h6 16. Be3 c5 17. Nh4 Bc8 18. b4 Ne8 19. Nf3 Nd7 20. Rfb1 Bb7 21. bxc5 Nxc5 22.
a4 b4 23. Nd1 Rc8 24. Bc4 a5 25. Nd2 Nc7 26. Nb2 N7a6 27. f3 Rc7 28. Rc1 Rfc8
29. Qd1 Qd8 30. Qe2 Be7 31. Bb5 Bg5 32. Nbc4 Bxe3+ 33. Qxe3 Re7 34. Bxa6 Nxa6
35. Nb3 Rec7 36. Ncxa5 Ba8 37. Rxc7 Rxc7 38. Rc1 Qc8 39. Rxc7 Qxc7 40. Qd3 Qd6
41. Qb5 Nc7 42. Qb8+ Kh7 43. Nc4 Qd7 44. d6 Ne6 45. Qxa8 Nf4 46. Nc5 1-0

[Event "World Youth Boys U18 2014"]
[Site "Durban RSA"]
[Date "2014.09.27"]
[Round "9.15"]
[White "Nielsen, Viktor"]
[Black "Bida, Mihai-Eugen"]
[Result "1/2-1/2"]
[WhiteElo "2052"]
[BlackElo "2323"]
[WhiteFideId "1444492"]
[BlackFideId "1200062"]
[EventDate "2014.09.20"]

1. e4 c5 2. Nf3 d6 3. d4 cxd4 4. Nxd4 Nf6 5. Nc3 a6 6. Be3 e5 7. Nb3 Be7 8. f3
Be6 9. Qd2 O-O 10. O-O-O Nbd7 11. g4 b5 12. Rg1 b4 13. Nd5 Bxd5 14. exd5 a5 15.
g5 Nh5 16. Kb1 Qc7 17. Bd3 Rfb8 18. Rg4 g6 19. Nc1 Qb7 20. Ne2 Bf8 21. c4 bxc3
22. Nxc3 e4 23. Rxe4 Bg7 24. Bd4 Nc5 25. Bxc5 dxc5 26. Bc4 Qb4 27. Bb3 Qb6 28.
d6 Bd4 29. Rxd4 cxd4 30. Qxd4 Qxd4 31. Rxd4 Ng7 32. Nd5 Nf5 33. Rd2 Ra6 34. Ne7+
Kf8 35. Nxf5 gxf5 36. Ba4 Rd8 37. d7 Ke7 38. Rd4 Rd6 39. Rh4 Rh8 40. Kc2 Rg8 41.
f4 f6 42. gxf6+ 1/2-1/2

[Event "World Youth Boys U18 2014"]
[Site "Durban RSA"]
[Date "2014.09.27"]
[Round "9.16"]
[White "Salomon, Johan"]
[Black "Kjoita, Torgeir"]
[Result "1-0"]
[WhiteElo "2362"]
[BlackElo "2010"]
[WhiteFideId "1509500"]
[BlackFideId "1509870"]
[EventDate "2014.09.20"]

1. c4 e5 2. Nc3 g6 3. g3 Bg7 4. Bg2 c5 5. e3 Nc6 6. Nge2 Nge7 7. O-O O-O 8. b3
d6 9. Bb2 Bf5 10. Nd5 Bd3 11. a3 Rb8 12. Re1 b5 13. cxb5 Bxb5 14. Nec3 Bd3 15.
Nxe7+ Nxe7 16. Na2 Qb6 17. Nc1 Bc4 18. bxc4 Qxb2 19. Ra2 Qb6 20. Qa4 Qc7 21. Ne2
Rb6 22. Nc3 a6 23. Bd5 Rfb8 24. Rf1 Qa7 25. Rc2 Bh6 26. Kg2 Kf8 27. h4 f5 28.
Rd1 Bg7 29. h5 e4 30. d4 cxd4 31. exd4 Rb2 32. Nb5 R2xb5 33. cxb5 Nxd5 34. bxa6
e3 35. Qc6 Qa8 36. Qxd6+ Ne7+ 37. f3 Rd8 38. Qe6 Qa7 39. d5 Ng8 40. Rc8 Bf6 41.
Rdc1 e2 42. R1c7 e1=N+ 43. Kf1 Qxc7 44. Rxc7 Be7 45. Kxe1 Re8 46. Kf1 1-0

[Event "World Youth Boys U18 2014"]
[Site "Durban RSA"]
[Date "2014.09.27"]
[Round "9.17"]
[White "Bratkovic, Sham"]
[Black "Menezes, Christoph"]
[Result "0-1"]
[BlackTitle "FM"]
[WhiteElo "2093"]
[BlackElo "2329"]
[WhiteFideId "14608715"]
[BlackFideId "1617001"]
[EventDate "2014.09.20"]

1. d4 Nf6 2. c4 g6 3. Nc3 Bg7 4. e4 O-O 5. Nf3 d6 6. Be2 Na6 7. Bg5 h6 8. Bh4 g5
9. Bg3 Nh5 10. h4 g4 11. Nh2 Nxg3 12. fxg3 h5 13. O-O c5 14. d5 Nc7 15. Qd2 e6
16. Rad1 Bd4+ 17. Kh1 Kg7 18. Bd3 exd5 19. exd5 f5 20. Ne2 Be5 21. Nf4 Qe8 22.
Rf2 Bd7 23. Nf1 Bd4 24. Re2 Qf7 25. Ne3 Rae8 26. Rf1 Bxe3 27. Rxe3 Rxe3 28. Qxe3
Re8 29. Qd2 b6 30. Ne6+ Bxe6 31. dxe6 Qxe6 32. Bxf5 Qh6 33. Qc3+ Re5 34. Qa3 a6
35. Qa4 b5 36. Qa5 Re7 37. b3 Qe3 38. Kh2 Rf7 39. Qb6 Qe7 40. Qc6 Ne6 41. Qxa6
Nd4 42. Bd3 Rxf1 43. Bxf1 b4 44. Bd3 Qe3 45. Qb7+ Kf6 46. Qh7 Qf2 47. Qxh5 Nf3+ 0-1

[Event "World Youth Boys U18 2014"]
[Site "Durban RSA"]
[Date "2014.09.27"]
[Round "9.18"]
[White "Visakh, NR"]
[Black "De Abreu, Roberto N"]
[Result "1-0"]
[BlackTitle "FM"]
[WhiteElo "2300"]
[BlackElo "2009"]
[WhiteFideId "25012223"]
[BlackFideId "14307472"]
[EventDate "2014.09.20"]

1. e4 e6 2. d4 d5 3. e5 c5 4. c3 Qb6 5. Nf3 Nc6 6. a3 c4 7. Be2 f6 8. O-O fxe5
9. Nxe5 Nxe5 10. dxe5 Bc5 11. Nd2 Ne7 12. b4 cxb3 13. Nxb3 O-O 14. Nxc5 Qxc5 15.
Qc2 Bd7 16. a4 Qc7 17. Ba3 Bc6 18. Bd3 g6 19. c4 Rf7 20. Bd6 Qa5 21. c5 Nf5 22.
Qb2 Nxd6 23. cxd6 Rf4 24. Bb5 Rb4 25. Qe2 Re4 26. Qb2 Rb4 27. Qc1 Bxb5 28. axb5
Qxb5 29. Qc7 Rc4 30. Rxa7 Rxa7 31. Qb8+ Kf7 32. Qxa7 Rc8 33. h4 Kg7 34. Qe3 h6
35. Qf4 Rf8 36. Qg4 Rf5 37. Rc1 Qb6 38. Rc7+ Kf8 39. Rc8+ Kg7 40. Qxf5 gxf5 41.
d7 Qb1+ 42. Kh2 Qe4 43. d8=Q 1-0

[Event "World Youth Boys U18 2014"]
[Site "Durban RSA"]
[Date "2014.09.27"]
[Round "9.19"]
[White "Malka, Samuel"]
[Black "Kjoita, Henning"]
[Result "0-1"]
[WhiteElo "2298"]
[BlackElo "2010"]
[WhiteFideId "20643675"]
[BlackFideId "1509861"]
[EventDate "2014.09.20"]

1. d4 Nf6 2. c4 g6 3. Nc3 Bg7 4. e4 d6 5. Bd3 e5 6. d5 O-O 7. Nge2 Nbd7 8. O-O
Nh5 9. Be3 Nc5 10. Bc2 f5 11. exf5 Bxf5 12. b4 Nd7 13. Ne4 Ndf6 14. N2c3 Nf4 15.
f3 a5 16. bxa5 Rxa5 17. Qd2 b6 18. Kh1 Bxe4 19. Bxe4 Nxe4 20. Nxe4 Ra3 21. g3
Nh5 22. Rab1 Qa8 23. Nc3 Nf6 24. Rf2 Rf7 25. Nb5 Ra4 26. Qc2 Ne8 27. a3 c6 28.
Nc3 Rxc4 29. Qd3 b5 30. a4 cxd5 31. Nxd5 Rxa4 32. Qxb5 Ra5 33. Qb8 Qxb8 34. Rxb8
Rxd5 35. Rxe8+ Rf8 36. Rxf8+ Bxf8 37. Rd2 Rxd2 38. Bxd2 Kf7 39. Kg2 Ke6 40. Kf2
Kd5 41. Ke2 Kc4 42. Be1 d5 43. Ba5 Bd6 44. Ke3 Bc5+ 45. Ke2 Bb4 46. Bc7 Bc3 47.
Bb6 Bb4 48. Bc7 Kd4 49. Bd8 Bd6 50. Bf6 Kc4 51. Bd8 Kc3 52. Ba5+ Kc2 53. Bd2 d4
54. Ba5 Bc5 55. h4 d3+ 0-1

[Event "World Youth Boys U18 2014"]
[Site "Durban RSA"]
[Date "2014.09.27"]
[Round "9.20"]
[White "Bezuidenhout, Roland"]
[Black "Olund, Joar"]
[Result "0-1"]
[WhiteTitle "CM"]
[WhiteElo "2030"]
[BlackElo "2280"]
[WhiteFideId "14304562"]
[BlackFideId "1714848"]
[EventDate "2014.09.20"]

1. d4 Nf6 2. c4 g6 3. Nc3 Bg7 4. e4 d6 5. Nf3 O-O 6. Be2 Nbd7 7. O-O e5 8. Be3
Re8 9. dxe5 dxe5 10. h3 c6 11. Qc2 Qe7 12. Rab1 Nh5 13. b4 Nf4 14. c5 Nxe2+ 15.
Nxe2 Nf6 16. Nd2 Be6 17. b5 Nh5 18. bxc6 bxc6 19. Nc4 f5 20. f3 Ng3 21. Nxg3 f4
22. Nh1 fxe3 23. Nxe3 Rad8 24. Nf2 Qg5 25. Nc4 Rf8 26. Qe2 Rd4 27. Qe3 Qh4 28.
Nd6 Bh6 29. Qc3 Bd2 30. Qa3 a5 31. Rb7 Qg3 32. Ng4 h5 33. Ne3 Bxh3 34. Qb3+ Kh8
35. Qb2 Bxe3+ 0-1

[Event "World Youth Boys U18 2014"]
[Site "Durban RSA"]
[Date "2014.09.27"]
[Round "9.21"]
[White "Sultan, Ibrahim"]
[Black "Eltigani, Omar"]
[Result "1-0"]
[WhiteTitle "FM"]
[BlackTitle "IM"]
[WhiteElo "2023"]
[BlackElo "2261"]
[WhiteFideId "9301143"]
[BlackFideId "738794"]
[EventDate "2014.09.20"]

1. d4 Nf6 2. c4 c5 3. d5 e6 4. Nc3 exd5 5. cxd5 d6 6. Nf3 g6 7. Nd2 Na6 8. e4
Bg7 9. Nc4 O-O 10. Bf4 b5 11. Nxb5 Nxe4 12. Nbxd6 Nxd6 13. Bxd6 Re8+ 14. Be2 Re4
15. Bg3 h5 16. h4 Qe7 17. Ne3 Bxb2 18. Rb1 Bc3+ 19. Kf1 Bg4 20. Nxg4 hxg4 21.
Bxa6 Re8 22. f3 Rd4 23. Qc2 Bb4 24. d6 Qf6 25. Rd1 gxf3 26. Rxd4 cxd4 27. Qc6
Re3 28. gxf3 d3 29. Kg2 Re2+ 30. Bf2 Qb2 31. Rf1 Be1 32. Qc5 Rc2 33. Qe3 Re2 34.
Qxa7 Ba5 35. Bxd3 Rd2 36. Qxa5 1-0

[Event "World Youth Boys U18 2014"]
[Site "Durban RSA"]
[Date "2014.09.27"]
[Round "9.22"]
[White "Nilsen, Martin"]
[Black "Nikolov, Rumen"]
[Result "1/2-1/2"]
[WhiteElo "2003"]
[BlackElo "2172"]
[WhiteFideId "1510657"]
[BlackFideId "2911620"]
[EventDate "2014.09.20"]

1. f4 g6 2. Nf3 Bg7 3. e3 d6 4. Nc3 e5 5. fxe5 dxe5 6. Bc4 Nh6 7. O-O Nc6 8. e4
Na5 9. Qe2 Nxc4 10. Qxc4 c6 11. d3 Qb6+ 12. Kh1 Ng4 13. Na4 Nf2+ 14. Kg1 Nh3+
15. Kh1 Nf2+ 16. Kg1 Nh3+ 17. Kh1 Qc7 18. gxh3 b5 19. Qc5 bxa4 20. Bd2 Qb6 21.
Qd6 c5 22. Qd5 Bb7 23. Qc4 O-O 24. Bc3 Qd6 25. b4 axb3 26. axb3 Bc8 27. h4 Be6
28. Ra6 Qe7 29. Qa4 Bg4 30. Be1 Bh6 31. Bg3 Bf4 32. Bxf4 exf4 33. e5 Qb7 34. Qc6
Qb4 35. Ra4 Qc3 36. Rxf4 Bh3 1/2-1/2

[Event "World Youth Boys U18 2014"]
[Site "Durban RSA"]
[Date "2014.09.27"]
[Round "9.23"]
[White "Dukic, Zachary"]
[Black "Abe, Mahiro"]
[Result "1-0"]
[WhiteElo "1937"]
[BlackElo "2146"]
[WhiteFideId "2617188"]
[BlackFideId "7000235"]
[EventDate "2014.09.20"]

1. e4 e5 2. Nf3 Nc6 3. Nc3 Nf6 4. d4 exd4 5. Nd5 Be7 6. Bc4 O-O 7. O-O Nxe4 8.
Re1 Nf6 9. Nxe7+ Nxe7 10. Qxd4 d5 11. Bd3 Ng6 12. Bd2 b6 13. b4 c6 14. a4 Qd6
15. Bxg6 fxg6 16. Bf4 Qd8 17. Ne5 Bb7 18. a5 Ne4 19. a6 c5 20. bxc5 bxc5 21. Qa4
Bc8 22. Qc6 Bf5 23. Qb7 Be6 24. Nc6 Qf6 25. Bg3 Nxg3 26. fxg3 Rae8 27. Rf1 Qg5
28. Nxa7 Qe3+ 29. Kh1 Qe2 30. Qb5 c4 31. Rfe1 Qf2 32. Nc6 Bh3 33. Qxd5+ Kh8 34.
Rxe8 Rxe8 35. Ne5 Be6 36. Qf3 Qd4 37. Re1 Qa7 38. Qc6 Qe7 39. a7 Bd7 40. Nxg6+
hxg6 41. Rxe7 Rxe7 42. a8=Q+ Kh7 43. Qe4 1-0